Aprovechamiento de recursos naturales y problemáticas derivadas de su uso en el balneario pehuen-co /

Guardado en:
Autor Principal: Bazan, Sandra Nancy
Formato: Libro
Publicado: Bahía Blanca : Universidad Nacional del Sur. Dto de Geografía, 1997
Materias:
Etiquetas: Agregar Etiqueta
Sin Etiquetas, Sea el primero en etiquetar este registro!
LEADER 00734nam a22001935a 4500
001 CEM.cems012863
005 20080429110432.0
008 130507s1997##################000#0#####d
003 CEMS
082 0 4 |a F918.2123 
100 1 |a Bazan, Sandra Nancy 
245 1 0 |a Aprovechamiento de recursos naturales y problemáticas derivadas de su uso en el balneario pehuen-co /  |c Sandra Nancy Bazan 
260 |a Bahía Blanca :  |b Universidad Nacional del Sur. Dto de Geografía,  |c 1997 
300 |a 55 p. 
500 |a Seminario de Licenciatura en Geografía. Planificación de los recursos naturales 
653 |a Geografía 
653 |a Pehuen-co-recursos naturales 
653 |a Pehuen-co 
859 |a CEMS  |b BIB. CEMS - 11 de abril  |h F918.2123  |i 1  |p 2193.44  |t Ej.1